Desde la carroza tarda hasta el cohete en volandas / (Registro nro. 12521)

Detalles MARC
000 -LEADER
fixed length control field 00761nam a22002411i 4500
001 - CONTROL NUMBER
control field
003 - CONTROL NUMBER IDENTIFIER
control field DO-SdBNP
005 - DATE AND TIME OF LATEST TRANSACTION
control field 20170118155802.0
008 - FIXED-LENGTH DATA ELEMENTS--GENERAL INFORMATION
fixed length control field 930725s1975 xxr spa
016 7# - NATIONAL BIBLIOGRAPHIC AGENCY CONTROL NUMBER
Record control number
Canceled/invalid record control number
Source BPMSU
035 ## - SYSTEM CONTROL NUMBER
System control number (OCoLC)
040 ## - CATALOGING SOURCE
Original cataloging agency BPMSU
Language of cataloging spa
Transcribing agency BPMSU
041 1# - LANGUAGE CODE
Language code of text/sound track or separate title spa
Language code of original
080 #0 - UNIVERSAL DECIMAL CLASSIFICATION NUMBER
Universal Decimal Classification number
100 1# - MAIN ENTRY--PERSONAL NAME
Personal name Mijalkov, Sergueï Vladimirovich
245 10 - TITLE STATEMENT
Title Desde la carroza tarda hasta el cohete en volandas /
Medium
Statement of responsibility, etc. Serguei Mijalkov ; Traducido del ruso por María Canovas ; Dibujos de Vitali Statsinski
260 ## - PUBLICATION, DISTRIBUTION, ETC. (IMPRINT)
Place of publication, distribution, etc. Moscú :
Name of publisher, distributor, etc. Editoria Progreso,
Date of publication, distribution, etc. 1975
300 ## - PHYSICAL DESCRIPTION
Extent 10 h. con lám.
Other physical details il. ;
Dimensions 28 cm
700 1# - ADDED ENTRY--PERSONAL NAME
Personal name Cánovas, María
Relator term tr.
700 1# - ADDED ENTRY--PERSONAL NAME
Personal name Statsinskii, Vitalii
942 ## - ADDED ENTRY ELEMENTS (KOHA)
Source of classification or shelving scheme Dewey Decimal Classification
Koha item type Libros
956 ## - LOCAL ELECTRONIC LOCATION AND ACCESS (OCLC)
Host name VMATEO
Access number 10
Compression information 201701018
Path BPMSU
Electronic name 0069
Existencias
Withdrawn status Lost status Source of classification or shelving scheme Damaged status Not for loan Collection code Home library Current library Date acquired Total Checkouts Barcode Date last seen Price effective from Koha item type
    Dewey Decimal Classification     Colección Infantil General Biblioteca Pública Metropolitana Salomé Ureña Biblioteca Pública Metropolitana Salomé Ureña 01/18/2017   BPMET17010738 01/18/2017 01/18/2017 Libros